000 00356nam a2200097Ia 4500
008 230915s9999 xx 000 0 und d
050 _aK 3488 .A 4 S43 2005
100 _aSECRETARIAT OF THE CONVENTION ON BIOLOGICAL DIVERSITY, 2005
245 0 _aHANDBOOK OF THE CONVENTION ON BIOLOGICAL DIVERSITY INCLUDING ITS CARTAGENA PROTOCOL ON BIOSAFETY
942 _cBK
999 _c161938
_d161938